=LDR 00000nam 2200000 4500 =001 INLIS000000000028505 =005 20130612130814 =008 ***********************************ind** =035 ##$$0010-061300000028505 =041 ##$$a ind =082 ##$$a 621.389 3 =090 ##$$a 621.389 3, GHO h =100 ##$$a Ghozali, Tjandra =245 ##$$a Home Theatre, Tjandra Ghozalli =250 ##$$a Seri Audio Video 13 =260 ##$$a 1994 $b Jakarta =300 ##$$a 82 hlm., ilus., 28 cm =850 ##$$a NBPNMAT